1168 1846 1337 1818 1972 1767 1605 1194 1720 1641 1099 1004 1567 1137 1039 1506 1917 1156 1817 1153 1926 1962 1950 1784 1247 1318 1933 1332 1202 1598 1490 1449 1455 1661 1579 1059 1734 1034 1178 1354 1243 1772 1995 1676 1574 1437 1378 1471 1491 1105 1947 1574 1187 1365 1427 1790 1391 1848 1666 1581 1798 1303 1905 1008 1908 1465 1279 1535 1648 1831 1619 1746 1181 1395 1116 1086 1994 1089 1165 1294 1211 1926 1799 1956 1360 1521 1407 1988 1861 1436 1358 1892 1913 1251 1078 1150 1304 1780 1536 BCNSPRNW ULIB Ver.6.0+V

เปลี่ยนเป็นภาษาไทย

Change to English
 แสดงรายละเอียดบรรณานุกรม
  กลับหน้าหลัก

Brief Record : Get Marc (ISO 2709) : E-mail record : QR code < ปิดหน้าต่าง
LEADER : 00000nam 2200000uu 4500
001    13399127170
003     ULIB
008    191018s2561||||th 000 0 tha d
020 ^- ^a9786167735955
050 ^- ^aนว.^bพ1215ก
100 0^ ^aพงศกร จินดาวัฒนะ
245 10 ^aเกลียวกระซิบ /พงศกร [นามแฝง]
260 ^- ^aกรุงเทพฯ :^bกรู๊ฟ พับลิชชิ่ง,^c2561.
300 ^- ^a450 หน้า
945    ^p360^l0^i006356
999    ^aประนอม เกษจรัล
รายการนี้ยังไม่มีแท็ก
คุณยังไม่ได้ล็อกอิน คุณสามารถมีกิจกรรมร่วมกับเว็บไซต์ได้ แต่ต้องล็อกอินก่อน ::
  ล็อกอิน

รายการสื่อสารสนเทศ

ลำดับที่ ประเภท เลขเรียก/บาร์โค้ด สถานที่ สถานะ
1. นวนิยาย
นวนิยาย
นว. พ1215ก ฉ.1 
  Barcode: 006356
ห้องสมุดวิทยาเขตนครสวรรค์
►นวนิยาย:l:Fiction
บนชั้น

รายการใกล้เคียง
    ชื่อเรื่อง [เกลียวกระซิบ /พงศกร [นามแฝง]]

    ผู้แต่ง [พงศกร จินดาวัฒนะ]

BibComment


ยังไม่เคยถูกคอมเมนท์

คอมเมนท์ทรัพยากรรายการนี้
  คอมเมนท์: เกลียวกระซิบ พงศ..


 Copyright 2026. Bcnsprnw @Library